[Event "SK Ochtrup 1 - Schach Nienberge 2"]
[Site "Verbandsklasse 2015/2016"]
[Date "2015.09.19"]
[Round "1.5"]
[White "Van de Vyle, Jan"]
[Black "Moor, Daniel"]
[Result "1-0"]
[WhiteElo "1741"]
[BlackElo "1683"]
[PlyCount "101"]
[EventDate "2015.??.??"]
[SourceDate "2015.10.31"]

1. e4 Nf6 2. e5 Nd5 3. d4 d6 4. c4 Nb6 5. exd6 cxd6 6. Nc3 g6 7. Be3 Bg7 8. Rc1
O-O 9. b3 e5 10. dxe5 dxe5 11. Qxd8 Rxd8 12. c5 N6d7 13. Bc4 Nf6 14. Nf3 Nc6
15. Ng5 Rf8 16. O-O Bf5 17. Nb5 h6 18. Nf3 Rad8 19. Nd6 Bc8 20. h3 Ne8 21. Nxc8
Rxc8 22. Rfd1 Nf6 23. Rd6 Kh7 24. Bb5 Rfe8 25. a3 Re7 26. b4 Ne4 27. Rdd1 f5
28. Nd2 Nxd2 29. Bxd2 Nd4 30. Bf1 e4 31. Bf4 g5 32. Bd6 Rd7 33. Re1 a6 34. Bc4
Bf6 35. Kf1 b5 36. Ba2 Kg6 37. Bb1 Rdd8 38. Rcd1 Nc6 39. g4 Re8 40. gxf5+ Kg7
41. Bxe4 Bb2 42. Bxc6 Rxe1+ 43. Rxe1 Rxc6 44. Be5+ Bxe5 45. Rxe5 Rc8 46. Re6
Rf8 47. Rg6+ Kh7 48. Rxa6 Rxf5 49. Rb6 Rf3 50. Kg2 Rxa3 51. Rxb5 1-0

[Event "SK Ochtrup 1 - Schach Nienberge 2"]
[Site "Verbandsklasse 2015/2016"]
[Date "2015.09.19"]
[Round "1.6"]
[White "Schmerling, Janek"]
[Black "Scharlow, Siegmar"]
[Result "1-0"]
[WhiteElo "1664"]
[BlackElo "1741"]
[PlyCount "109"]
[EventDate "2015.??.??"]
[SourceDate "2015.10.31"]

1. e4 c5 2. d4 cxd4 3. c3 Nf6 4. e5 Nd5 5. cxd4 Nc6 6. Nf3 d6 7. Bc4 Nb6 8. Bb3
dxe5 9. Nxe5 Nxe5 10. dxe5 Qxd1+ 11. Bxd1 Bf5 12. O-O e6 13. Bf3 Bd3 14. Rd1
Ba6 15. Nc3 Bb4 16. Ne4 O-O 17. Bg5 h6 18. Bh4 g5 19. Nf6+ Kg7 20. Bg3 Rfd8 21.
h4 Be7 22. hxg5 hxg5 23. Ne4 Nd5 24. Nd6 Bxd6 25. exd6 Nf6 26. Be5 Kg6 27. Rac1
Rd7 28. Rc7 Rad8 29. g4 Ne8 30. Be4+ f5 31. gxf5+ exf5 32. Rxd7 Rxd7 33. Bc2
Bc4 34. Rd4 b5 35. Bd1 Bxa2 36. b3 Bb1 37. f3 f4 38. b4 Kf5 39. Rd5 Ba2 40.
Rxb5 Ke6 41. Ba4 Nxd6 42. Ra5 Rb7 43. Bxd6 Kxd6 44. Bc2 Bd5 45. Rxd5+ Kxd5 46.
Be4+ Kc4 47. Bxb7 Kxb4 48. Kg2 a5 49. Kh3 Kc5 50. Kg4 Kd4 51. Kxg5 Ke3 52. Kf5
a4 53. Bd5 Kd4 54. Ba2 Ke3 55. Bg8 1-0

[Event "SK Ochtrup 1 - Schach Nienberge 2"]
[Site "Verbandsklasse 2015/2016"]
[Date "2015.09.19"]
[Round "1.7"]
[White "Hagemann, Lars"]
[Black "Kaiser, Günter"]
[Result "1-0"]
[WhiteElo "1690"]
[BlackElo "1631"]
[PlyCount "41"]
[EventDate "2015.??.??"]
[SourceDate "2015.10.31"]

1. e4 c5 2. Nf3 d6 3. d4 cxd4 4. Nxd4 Nf6 5. Nc3 a6 6. a4 b6 7. Bc4 Bb7 8. f3
e6 9. O-O Be7 10. Be3 Nbd7 11. Bxe6 fxe6 12. Nxe6 Qc8 13. Nxg7+ Kf7 14. Nf5 Qc7
15. Qd4 Rac8 16. Rad1 d5 17. Nxe7 Kxe7 18. exd5 Kf7 19. Ne4 Nxd5 20. Ng5+ Kg6
21. Qe4+ 1-0

[Event "SK Ochtrup 1 - Schach Nienberge 2"]
[Site "Verbandsklasse 2015/2016"]
[Date "2015.09.19"]
[Round "1.8"]
[White "Jacob, Barbara"]
[Black "Nürenberg, Bernd"]
[Result "1/2-1/2"]
[WhiteElo "1608"]
[BlackElo "1612"]
[PlyCount "62"]
[EventDate "2015.??.??"]
[SourceDate "2015.10.31"]

1. e4 c5 2. d4 cxd4 3. c3 d5 4. exd5 Qxd5 5. Qxd4 Qxd4 6. cxd4 Nf6 7. Nf3 g6 8.
Bc4 e6 9. Nc3 a6 10. a3 b5 11. Ba2 Bb7 12. O-O Nbd7 13. Ne5 Nb6 14. Re1 Bg7 15.
Bg5 Nfd5 16. Ne4 O-O 17. Nd6 Ra7 18. Bh4 g5 19. Bg3 h5 20. h4 g4 21. Rac1 f5
22. Ng6 Rf6 23. Nf4 Nxf4 24. Bxf4 Bd5 25. Bxd5 Nxd5 26. Rc8+ Rf8 27. Rxf8+ Kxf8
28. Be5 Bh6 29. g3 Rd7 30. Re2 Ne7 31. Rc2 Bg7 1/2-1/2

[Event "SF Stadtlohn 1 - SK Gescher 1"]
[Site "Verbandsklasse 2015/2016"]
[Date "2015.10.24"]
[Round "1.1"]
[White "Eißing, Christoph"]
[Black "Mullink, Jochem"]
[Result "1-0"]
[WhiteElo "2011"]
[BlackElo "1960"]
[PlyCount "67"]
[EventDate "2015.??.??"]
[SourceDate "2015.10.31"]

1. e4 c5 2. Nf3 d6 3. d4 cxd4 4. Nxd4 Nf6 5. Nc3 a6 6. f4 e5 7. Nf3 Nbd7 8. a4
Be7 9. Bd3 b6 10. O-O Bb7 11. Qe1 O-O 12. Qg3 exf4 13. Qxf4 Nc5 14. Be3 Rc8 15.
Rad1 Qc7 16. Nh4 d5 17. e5 Nfe4 18. Bxe4 dxe4 19. Nf5 Ne6 20. Qg4 Kh8 21. Nxe4
Qxe5 22. Nxe7 Rxc2 23. Rd2 Rxd2 24. Bxd2 Bxe4 25. Kh1 f5 26. Bc3 Qc5 27. Qh4
Re8 28. Ng6+ Kg8 29. Nf4 Nxf4 30. Qxf4 Rd8 31. Bxg7 Bxg2+ 32. Kxg2 Qc6+ 33. Rf3
Qc2+ 34. Kh3 1-0

[Event "SF Stadtlohn 1 - SK Gescher 1"]
[Site "Verbandsklasse 2015/2016"]
[Date "2015.10.24"]
[Round "1.2"]
[White "Te Sligte, Bert"]
[Black "Priebs, Ludger"]
[Result "1-0"]
[WhiteElo "1875"]
[BlackElo "1789"]
[PlyCount "87"]
[EventDate "2015.??.??"]
[SourceDate "2015.10.31"]

1. e4 c5 2. Nf3 e6 3. d4 cxd4 4. Nxd4 a6 5. Bd3 Qc7 6. O-O Nf6 7. c4 Be7 8. Nc3
O-O 9. Be3 d6 10. Rc1 Nbd7 11. f4 b6 12. b3 Bb7 13. b4 Rac8 14. a3 Qb8 15. Qe2
Qa8 16. Bd2 Rfd8 17. f5 e5 18. Nf3 g6 19. fxg6 hxg6 20. Bg5 Kg7 21. h3 Rh8 22.
Nd5 Nxd5 23. exd5 f6 24. Bd2 Rcg8 25. Nd4 Nf8 26. Rce1 Rh4 27. Nf3 Rhh8 28. Qf2
f5 29. Qxb6 Nd7 30. Qf2 Qd8 31. Bb1 Bf6 32. Bc3 Bh4 33. Nxh4 Rxh4 34. Qg3 Kh8
35. Bd2 f4 36. Bxf4 Rxf4 37. Rxf4 exf4 38. Qxf4 Nf6 39. Re6 Nh7 40. Qd4+ Rg7
41. Rxg6 Qf8 42. Re6 Kg8 43. Bxh7+ Kxh7 44. Qe4+ 1-0

[Event "SF Stadtlohn 1 - SK Gescher 1"]
[Site "Verbandsklasse 2015/2016"]
[Date "2015.10.24"]
[Round "1.3"]
[White "Lanfer, Stefan"]
[Black "Krosenbrink, Marcel"]
[Result "1/2-1/2"]
[WhiteElo "1828"]
[BlackElo "1808"]
[PlyCount "23"]
[EventDate "2015.??.??"]
[SourceDate "2015.10.31"]

1. c4 e5 2. Nc3 f5 3. e3 Nf6 4. Nge2 Be7 5. d4 d6 6. dxe5 dxe5 7. Qxd8+ Bxd8 8.
a3 O-O 9. g3 Nc6 10. b4 Rb8 11. Nd5 Ne7 12. Nxf6+ 1/2-1/2

[Event "SF Stadtlohn 1 - SK Gescher 1"]
[Site "Verbandsklasse 2015/2016"]
[Date "2015.10.24"]
[Round "1.4"]
[White "Kloster, Daniel"]
[Black "Iking, Bernhard"]
[Result "1/2-1/2"]
[WhiteElo "1730"]
[BlackElo "1771"]
[PlyCount "87"]
[EventDate "2015.??.??"]
[SourceDate "2015.10.31"]

1. d4 Nf6 2. Nf3 g6 3. Nc3 d5 4. h3 Bg7 5. Bf4 a6 6. e3 O-O 7. Bd3 c5 8. dxc5
Qa5 9. O-O Qxc5 10. Be5 Nc6 11. Bd4 Qd6 12. Bxf6 Bxf6 13. e4 Bxc3 14. bxc3 dxe4
15. Bxe4 Qc7 16. Qe2 Na5 17. Bd3 Be6 18. Nd4 Bd5 19. Rfe1 Rfe8 20. Qe5 Qxe5 21.
Rxe5 e6 22. Nb3 Nc4 23. Bxc4 Bxc4 24. Na5 b5 25. Nxc4 bxc4 26. Rc5 Rec8 27.
Rxc8+ Rxc8 28. Rb1 Rc5 29. a4 Kf8 30. Kf1 h5 31. Ke2 a5 32. Kd2 g5 33. Ke3 e5
34. Rb8+ Ke7 35. Ke4 Ke6 36. Re8+ Kf6 37. Rd8 Ke6 38. Re8+ Kf6 39. g3 g4 40.
hxg4 hxg4 41. Rg8 Ke6 42. Re8+ Kf6 43. Rd8 Ke6 44. Re8+ 1/2-1/2

[Event "SF Stadtlohn 1 - SK Gescher 1"]
[Site "Verbandsklasse 2015/2016"]
[Date "2015.10.24"]
[Round "1.5"]
[White "Stein, Michael"]
[Black "Becking, Stefan"]
[Result "1/2-1/2"]
[WhiteElo "1706"]
[BlackElo "1673"]
[PlyCount "40"]
[EventDate "2015.??.??"]
[SourceDate "2015.10.31"]

1. e4 c5 2. d4 cxd4 3. c3 dxc3 4. Nxc3 Nc6 5. Nf3 d6 6. Bc4 e6 7. O-O Nf6 8.
Qe2 Be7 9. Rd1 e5 10. h3 O-O 11. b4 Qc7 12. a3 h6 13. Be3 Be6 14. Nd5 Bxd5 15.
Bxd5 Nxd5 16. Rxd5 b6 17. Rc1 Qb7 18. Rd2 Rac8 19. Rdc2 Nb8 20. Qd3 Rxc2
1/2-1/2

[Event "SF Stadtlohn 1 - SK Gescher 1"]
[Site "Verbandsklasse 2015/2016"]
[Date "2015.10.24"]
[Round "1.6"]
[White "Wensing, Herbert"]
[Black "Robers, Frank"]
[Result "1-0"]
[WhiteElo "1668"]
[BlackElo "1701"]
[PlyCount "57"]
[EventDate "2015.??.??"]
[SourceDate "2015.10.31"]

1. e4 c5 2. Nf3 g6 3. d4 cxd4 4. Qxd4 Nf6 5. e5 Nc6 6. Qd1 Nxe5 7. Bf4 Nxf3+ 8.
Qxf3 Bg7 9. Nc3 d6 10. h3 O-O 11. Bc4 Qc7 12. Bb3 Bd7 13. O-O Bc6 14. Qe3 e5
15. Bh6 d5 16. Bxg7 Kxg7 17. Qg3 d4 18. Ne2 Ne4 19. Qh2 Qe7 20. Rfe1 Qf6 21. f3
Nc5 22. Rad1 Rad8 23. Nc1 Qg5 24. Rxe5 f5 25. Rxc5 Bxf3 26. Rc7+ Kf6 27. Re1 f4
28. Re6+ Kf5 29. Rc5+ 1-0

[Event "SF Stadtlohn 1 - SK Gescher 1"]
[Site "Verbandsklasse 2015/2016"]
[Date "2015.10.24"]
[Round "1.7"]
[White "Frieske, Hilmar"]
[Black "Schley, Alfred"]
[Result "1/2-1/2"]
[WhiteElo "1776"]
[BlackElo "1648"]
[PlyCount "84"]
[EventDate "2015.??.??"]
[SourceDate "2015.10.31"]

1. e4 e5 2. Nf3 Nf6 3. Nc3 Bb4 4. d3 d5 5. exd5 Nxd5 6. Bd2 O-O 7. Be2 Nc6 8.
a3 Bxc3 9. bxc3 f5 10. c4 Nf6 11. Bc3 Qe8 12. O-O e4 13. Nd4 Nxd4 14. Bxd4 b6
15. Re1 Bb7 16. Be3 Qg6 17. d4 Rad8 18. c3 Nd7 19. Qc1 f4 20. Bxf4 e3 21. f3
Rxf4 22. Qxe3 Rff8 23. Bd3 Qf6 24. Be4 Rfe8 25. Qd3 Bxe4 26. fxe4 Qg6 27. Qe3
Re7 28. Qf4 Nf6 29. e5 Nh5 30. Qh4 Rde8 31. Rf1 Rf7 32. Rxf7 Qxf7 33. Rf1 Qg6
34. g4 Rf8 35. Rxf8+ Kxf8 36. Qxh5 Qb1+ 37. Kg2 Qe4+ 38. Kg3 Qe3+ 39. Kg2 Qe4+
40. Kf2 Qc2+ 41. Kf1 Qd3+ 42. Kf2 Qc2+ 1/2-1/2

[Event "SF Stadtlohn 1 - SK Gescher 1"]
[Site "Verbandsklasse 2015/2016"]
[Date "2015.10.24"]
[Round "1.8"]
[White "Schley, Robert"]
[Black "Leschinsky, Sven"]
[Result "1/2-1/2"]
[WhiteElo "1530"]
[BlackElo "1469"]
[PlyCount "47"]
[EventDate "2015.??.??"]
[SourceDate "2015.10.31"]

1. e4 e6 2. Nf3 d5 3. exd5 exd5 4. d4 Bd6 5. Be3 Bg4 6. Nbd2 Nf6 7. Be2 O-O 8.
O-O Re8 9. Rc1 c6 10. c4 dxc4 11. Nxc4 Nd5 12. Bd2 Bf4 13. Re1 Qc7 14. Nce5 Be6
15. a3 f6 16. Nd3 Nd7 17. b4 Bxd2 18. Qxd2 a6 19. Nc5 Bf7 20. h3 Nf4 21. Nxd7
Nxe2+ 22. Rxe2 Qxd7 23. Rce1 Rxe2 24. Rxe2 1/2-1/2